Hà Nội băm sáu phố phường Bút kí

Đã lưu trong:
Sonraí Bibleagrafaíochta
Príomhúdar: Thạch Lam
Formáid: Leabhar
Foilsithe: Tp. Hồ Chí Minh Văn nghệ Tp. Hồ Chí Minh 2001
Sraith:Tủ sách văn học
Ábhair:
Clibeanna: Cuir Clib Leis
Gan Chlibeanna, Bí ar an gcéad duine leis an taifead seo a chlibeáil!
Thư viện lưu trữ: Trung tâm Học liệu Lê Vũ Hùng, Trường Đại học Đồng Tháp
LEADER 00838pam a22002418a 4500
001 00021609
005 20171026081023.0
008 110525s2001 |||||| sd
041 0 # |a Vỉe 
082 1 4 |a 895.922 803  |b H100N 
100 0 # |a Thạch Lam 
245 0 0 |a Hà Nội băm sáu phố phường  |b Bút kí  |c Thạch Lam 
260 # # |a Tp. Hồ Chí Minh  |b Văn nghệ Tp. Hồ Chí Minh  |c 2001 
300 # # |a 187 tr.  |c 14 cm. 
490 # # |a Tủ sách văn học 
653 # # |a Bút kí 
653 # # |a Hà Nội 
653 # # |a Văn học lãng mãn 
852 # # |b Kho mượn  |j KM.0009255, KM.0009254 
852 # # |b Kho đọc  |j KD.0006421 
852 # # |j KM.0009255  |j KM.0009254  |j KD.0006421 
910 0 # |a Đức  |d 25/05/2011 
980 # # |a Trung tâm Học liệu Lê Vũ Hùng, Trường Đại học Đồng Tháp